01550nam a2200277 a 450000100100000000500170001000800410002704000250006808200170009310000540011024501240016426000810028830000360036950000420040550400320044759000260047965000360050565000270054191000380056895201300060695201300073695201300086695201380099695201210113499900170125500002688820200930030454.0110328s1980 dr ac r 001 0 spa d aDO-SdBNPbspacBNPHU a133.6bS182i1 aSalvador P., Diego MiguelqDiego de Miguel95400013aLa increíble verdad de las líneas de la mano :bmétodo ilustrado explicativo completo /cDiego Miguel Salvador P. aSantiago de los Caballeros, República Dominicana :bJ. C. P. H A. ,c1980. a319 p. :bil., retrs. ;c22 cm. aIncluye datos biográficos del autor aBibliografía : p. 311-313 aInventariado, 2018/LP 4aQuiromanciaxEnseñanza954001 4aParapsicología92394 aValidado. Control de calidad. EMS 001054708DSaGRbGRcHDd2013-06-17iLF1l0o133.6 S182ip26888-30r2020-06-25te. 3w2020-06-25yLFDSZPréstamo en sala 001054708DSaGRbGRcHDd2018-05-11iLF1l0o133.6 S182ip26888-40r2020-06-25te. 4w2020-06-25yLFDSZPréstamo en sala 001054708DSaGRbGRcHDd2018-10-08iLF1l0o133.6 S182ip26888-50r2020-06-25te. 5w2020-06-25yLFDSZPréstamo en sala 0010718PDaPDbPDcHDd2011-03-28iLF1l0o133.6 S182ip26888-10r2020-06-25w2020-06-25yLFPDzDedicado por el autorZNo se presta 0010718PDaPDbPDcHDd2011-03-29iLF1l0o133.6 S182ip26888-20r2020-06-25te. 2w2020-06-25yLFPDZNo se presta c26380d26380